Geography Quiz

Random Geography or World Quiz

Flags That Have Heart Quiz Stats

 Plays Quiz Updated Feb 14, 2015

Score 0/16 Timer 04:00
26 Plays Today
% Correct
Brazil
97.2%
Japan
93.5%
New Zealand
89.3%
Greece
87.4%
Argentina
80.8%
Israel
76.1%
Iran
74.7%
Nepal
73%
% Correct
Panama
56.7%
Honduras
52.4%
Ghana
50.7%
Kyrgyzstan
47.1%
Uzbekistan
42.7%
Antigua and Barbuda
38.2%
Burundi
35.6%
Djibouti
33.5%

You're not logged in!

Compare scores with friends on all Sporcle quizzes.
OR
Log In

Show Comments

Extras

Top Quizzes Today


Score Distribution

Your Account Isn't Verified!

In order to create a playlist on Sporcle, you need to verify the email address you used during registration. Go to your Sporcle Settings to finish the process.

Report this User

Report this user for behavior that violates our Community Guidelines.

Details: